00806nam a2200205 a 450000100100000000500170001000800410002704000250006808200170009310000280011024501020013826000330024030000210027350400740029453400530036870000320042104900090045395201210046299900170058300002437320200930022945.0110126s1967 sp r 000 0 spa d aDO-SdBNPbspacBNPHU axxxxxbS782r1 aStalin, Svetlana94998210aRusia, mi padre y yo :bveinte cartas a un amigo /cSvetlana Stalin ; traducción Augusto Vidal. aBarcelona :bPlaneta,c1967. a325 p. ;c22 cm. aIncluye referencias bibliográficas y notas al pie de las páginas. pTítulo original :tDvádtsat písem k drugu.1 aVidal, Augusto,etr.949983 aBNGR 001054708MOaGRbGRcCTd2011-01-26iLF1l0oxxxxx S782rp24373-10r2020-06-25w2020-06-25y4ZPréstamo en sala c23866d23866